00689nam a2200193 i 450000100060000000300090000600500170001500700030003200800410003510000310007624500400010726000680014730000300021560000260024571100630027185200220033499900170035695201220037398364ES-MaACL20230906182254.0t|050728s1972 sp ||||1| spa d1 aMartialay, Félix.97725010aHoward Hawks / cFélix Martialay. aSan Sebastián : bXX Festival Internacional del Cine, c1972. a167 p. : bil. ; c21 cm.14aHawks, Howard.9621712 aFestival Internacional de Cine de San Sebastián.9171019 aES-MaACLjC-48872 c98364d98364 00104070aATENEOMbATENEOMcDEPO2d2008-01-17eSCl0oC-48872p1102684r2023-02-23 00:00:00w2023-02-23yMONOGRAFIA